000 00551nam a2200181 a 4500
001 000043951
005 20201002045048.0
008 140509s1995 sp 000 0 spa d
020 _a8420607355
040 _aDO-SdBNP
_bspa
_cBNPHU
082 _axxxx
_bxxxx
100 1 _aDieterich, Genoveva
_912940
245 1 0 _aDiccionario del teatro /
_cGenoveva Dieterich.
260 _aMadrid :
_bAlianza,
_c1995.
300 _a307 p. ;
_c18 cm.
490 1 _aEl libro de bolsillo
_ahumanidades
_v1735
830 0 _aEl libro de bolsillo ;
_phumanidades
_n1735
_971894
999 _c43440
_d43440